[Event "Senior Women Russian Championship 2022_HL"]
[Site "Saint-Petersburg, Russia"]
[Date "2022.10.02"]
[Round "9.11"]
[White "Grigoryeva, Olga"]
[Black "Kozlovskaya, Valentina"]
[Result "1/2-1/2"]
[TimeControl "Standard: 90min/40moves+30min/end+30sec increment per move starting from move 1"]
[WhiteElo "1940"]
[BlackElo "2067"]

1. e4 {[%clk 01:30:58]} {[%emt 00:00:01]} c5 {[%clk 01:30:50]} {[%emt
00:00:11]} 2. c3 {[%clk 01:31:26]} {[%emt 00:00:02]} e6 {[%clk 01:29:40]}
{[%emt 00:01:39]} 3. d4 {[%clk 01:31:47]} {[%emt 00:00:09]} cxd4 {[%clk
01:29:27]} {[%emt 00:00:44]} 4. cxd4 {[%clk 01:32:13]} {[%emt 00:00:04]} d6
{[%clk 01:29:41]} {[%emt 00:00:16]} 5. Nc3 {[%clk 01:32:10]} {[%emt 00:00:33]}
Be7 {[%clk 01:27:40]} {[%emt 00:02:31]} 6. Bb5+ {[%clk 01:30:16]} {[%emt
00:02:23]} Bd7 {[%clk 01:27:32]} {[%emt 00:00:39]} 7. Nge2 {[%clk 01:21:09]}
{[%emt 00:09:37]} a6 {[%clk 01:25:04]} {[%emt 00:02:58]} 8. Bxd7+ {[%clk
01:20:16]} {[%emt 00:01:23]} Nxd7 {[%clk 01:24:55]} {[%emt 00:00:39]} 9. O-O
{[%clk 01:19:33]} {[%emt 00:01:13]} Ngf6 {[%clk 01:23:41]} {[%emt 00:01:43]} 10.
Qb3 {[%clk 01:15:46]} {[%emt 00:04:18]} Qb6 {[%clk 01:20:22]} {[%emt 00:03:49]}
11. Qxb6 {[%clk 01:15:01]} {[%emt 00:01:15]} Nxb6 {[%clk 01:20:51]} 12. b3
{[%clk 01:13:20]} {[%emt 00:02:11]} h6 {[%clk 01:15:31]} {[%emt 00:05:50]} 13.
Bb2 {[%clk 01:12:40]} {[%emt 00:01:10]} O-O {[%clk 01:15:25]} {[%emt 00:00:36]}
14. f3 {[%clk 01:12:08]} {[%emt 00:01:02]} d5 {[%clk 01:12:57]} {[%emt
00:02:59]} 15. e5 {[%clk 01:10:05]} {[%emt 00:02:32]} Nh7 {[%clk 01:12:48]}
{[%emt 00:00:38]} 16. a4 {[%clk 01:07:10]} {[%emt 00:03:27]} Rfc8 {[%clk
01:10:43]} {[%emt 00:02:34]} 17. Rac1 {[%clk 01:04:14]} {[%emt 00:03:26]} Bb4
{[%clk 01:04:34]} {[%emt 00:06:39]} 18. Nb1 {[%clk 01:03:13]} {[%emt 00:01:31]}
Nf8 {[%clk 01:02:07]} {[%emt 00:02:57]} 19. Rxc8 {[%clk 01:03:19]} {[%emt
00:00:25]} Rxc8 {[%clk 01:02:06]} {[%emt 00:00:30]} 20. Rc1 {[%clk 01:03:40]}
{[%emt 00:00:08]} f6 {[%clk 00:51:43]} {[%emt 00:10:54]} 21. Rxc8 {[%clk
01:02:09]} {[%emt 00:02:01]} Nxc8 {[%clk 00:52:11]} {[%emt 00:00:02]} 22. f4
{[%clk 00:57:56]} {[%emt 00:04:43]} Kf7 {[%clk 00:51:35]} {[%emt 00:01:06]} 23.
Ba3 {[%clk 00:56:32]} {[%emt 00:01:53]} Be7 {[%clk 00:50:19]} {[%emt 00:01:47]}
24. Bxe7 {[%clk 00:54:04]} {[%emt 00:02:58]} Nxe7 {[%clk 00:49:53]} {[%emt
00:00:56]} 25. Kf2 {[%clk 00:50:07]} {[%emt 00:04:27]} h5 {[%clk 00:47:24]}
{[%emt 00:02:59]} 26. Nd2 {[%clk 00:46:39]} {[%emt 00:03:57]} Nc6 {[%clk
00:47:13]} {[%emt 00:00:41]} 27. exf6 {[%clk 00:44:05]} {[%emt 00:03:05]} gxf6
{[%clk 00:47:08]} {[%emt 00:00:35]} 28. Ke3 {[%clk 00:43:10]} {[%emt 00:01:25]}
Ng6 {[%clk 00:45:07]} {[%emt 00:02:31]} 29. Nf3 {[%clk 00:40:42]} {[%emt
00:02:58]} h4 {[%clk 00:43:28]} {[%emt 00:02:09]} 30. g3 {[%clk 00:38:50]}
{[%emt 00:02:22]} hxg3 {[%clk 00:43:23]} {[%emt 00:00:34]} 31. hxg3 {[%clk
00:39:06]} {[%emt 00:00:14]} Nge7 {[%clk 00:42:48]} {[%emt 00:01:06]} 32. g4
{[%clk 00:38:42]} {[%emt 00:00:54]} Na5 {[%clk 00:41:37]} {[%emt 00:01:41]} 33.
Nc1 {[%clk 00:38:07]} {[%emt 00:01:05]} Nec6 {[%clk 00:41:08]} {[%emt
00:00:59]} 34. g5 {[%clk 00:36:43]} {[%emt 00:01:55]} fxg5 {[%clk 00:40:50]}
{[%emt 00:00:47]} 35. fxg5 {[%clk 00:33:25]} {[%emt 00:03:48]} Nd8 {[%clk
00:34:39]} {[%emt 00:06:41]} 36. Ne5+ {[%clk 00:31:31]} {[%emt 00:02:23]} Kg7
{[%clk 00:33:55]} {[%emt 00:01:15]} 37. Kf4 {[%clk 00:25:27]} {[%emt 00:06:33]}
b6 {[%clk 00:32:16]} {[%emt 00:02:10]} 38. Nd7 {[%clk 00:23:24]} {[%emt
00:02:33]} Nac6 {[%clk 00:32:27]} {[%emt 00:00:18]} 39. Ne2 {[%clk 00:21:03]}
{[%emt 00:02:52]} b5 {[%clk 00:31:40]} {[%emt 00:01:17]} 40. axb5 {[%clk
00:50:30]} {[%emt 00:01:03]} axb5 {[%clk 01:02:09]} {[%emt 00:00:02]} 41. Nc5
{[%clk 00:44:30]} {[%emt 00:06:30]} Kg6 {[%clk 01:00:43]} {[%emt 00:01:55]} 42.
Nd7 {[%clk 00:38:35]} {[%emt 00:06:25]} Kg7 {[%clk 01:00:34]} {[%emt 00:00:38]}
43. Nc5 {[%clk 00:38:26]} {[%emt 00:00:40]} Kg6 {[%clk 01:00:46]} {[%emt
00:00:17]} 44. Nd7 {[%clk 00:38:41]} {[%emt 00:00:16]} 1/2-1/2